L'Asie orientale aux XIX et XX: Chine, Japón, Inde, Sud-Este asiatique

সংরক্ষণ করুন:
গ্রন্থ-পঞ্জীর বিবরন
প্রধান লেখক: Chesneaux, Jean (Author)
বিন্যাস: গ্রন্থ
ভাষা:ফরাসি
প্রকাশিত: París Clio 1966
মালা:Nouvelle Clio, 45
বিষয়গুলি:
ট্যাগগুলো: ট্যাগ যুক্ত করুন
কোনো ট্যাগ নেই, প্রথমজন হিসাবে ট্যাগ করুন!

MARC

LEADER 00000nam a2200000 a 4500
001 UCO2228
003 CL-VaPUC
008 000602e19660000FR |||||||||||||||||fre|d
082 0 4 |a 950  |b CHE  |2 21 
100 0 |a Chesneaux, Jean  |e author  |9 445189 
245 1 2 |a L'Asie orientale aux XIX et XX: Chine, Japón, Inde, Sud-Este asiatique 
300 |a 371 p 
942 |c BK 
945 |d 20000602 00:00:00  |a rherrera 
260 |a París  |b Clio  |c 1966 
650 7 |a HISTORIA DE ASIA  |2 CL-VaPUC  |9 445190 
650 7 |a SIGLOS 19-20  |2 CL-VaPUC  |9 267705 
651 0 |a Asia oriental   |9 372234 
651 0 |a China   |9 257545 
651 0 |a Japón   |9 260391 
651 0 |a India  |9 267804 
583 |a last modification  |c 20000602 00:00:00  |k Rodrigo Vera 
490 0 |a Nouvelle Clio, 45 
999 |c 288767  |d 288765 
952 |0 0  |1 0  |4 0  |6 950_000000000000000_CHE_1966  |7 0  |8 A  |9 336683  |a BIBHIS  |b BIBHIS  |d 2019-11-20  |i 1283774  |o 950 CHE 1966  |p 1283774  |r 2025-01-20  |w 2019-11-20  |y BK  |k HIS